Voces en el desierto / (Registro nro. 13368)
[ vista simple ]
| 000 -LIDER | |
|---|---|
| fixed length control field | 00972nam a22002657a 4500 |
| 003 - IDENTIFICACDOR DE NÚMERO DE CONTROL | |
| control field | DO-SdBNP |
| 005 - DATE AND TIME OF LATEST TRANSACTION | |
| control field | 20210420095228.0 |
| 008 - ELEMENTOS DE LONGITUD FIJA | |
| fixed length control field | 210128b 2016 dr 0| 00| 0 spa d |
| 020 ## - ISBN | |
| International Standard Book Number | 9789945899436 |
| 040 ## - FUENTE DE CATALOGACIÓN | |
| Agencia que crea de manera original el registro | BPMSU |
| Idioma de catalogación | spa |
| Agencia que realiza la transcripción | BPMSU |
| 082 ## - NÚMERO DE CLASIFICACIÓN DECIMAL DE DEWEY | |
| Classification number | RD864.44 |
| Item number | G934v |
| Edition number | 22 |
| 100 1# - ASIENTO PRINCIPAL -- NOMBRE PERSONAL | |
| Nombre personal | Guerrero, Italia |
| Fechas asociadas con el nombre | 1957- |
| 245 13 - MENCIÓN DE TITULO | |
| Título | Voces en el desierto / |
| Mención de responsabilidad | Italia Guerrero |
| 246 14 - VARIACION DEL TÍTULO | |
| Título propiamente dicho o título corto | Voces en el desierto : |
| Subtítulo | primeras voces 1991-1995 |
| 260 ## - PUBLICACIÓN, DISTRIBUCIÓN, ETC. (PIE DE IMPRENTA) | |
| Lugar de publicación, distribución, etc | Santo Domingo : |
| Nombre del editor, distribuidor, etc. | Gente, |
| Fecha de publicación, distribución, etc | 2016 |
| 300 ## - DESCRIPCIÓN FÍSICA | |
| Extensión | 324 p. ; |
| Dimensiones | 22 cm. |
| 500 ## - NOTA GENERAL | |
| Nota general | Incluye datos biográficos de la autora en la solapa de la cubierta |
| 505 0# - NOTA DE CONTENIDO | |
| Texto normalizado de contenido | Dedicatoria -- Hubo una vez -- Y otra -- La recopilación -- Primera voz: Educación -- Segunda voz: Política -- Tercera voz: Naturaleza y Sociedad -- Notas Contextuales. |
| 590 ## - NOTA LOCAL | |
| Enlace | Inventariado, 2021/VM |
| 650 #4 - ENCABEZAMIENTO DE MATERIA--TEMÁTICO | |
| Término temático o nombre geográfico como elemento de entrada | Ensayos dominicanos |
| 650 #4 - ENCABEZAMIENTO DE MATERIA--TEMÁTICO | |
| Término temático o nombre geográfico como elemento de entrada | Artículos periodísticos |
| 650 #4 - ENCABEZAMIENTO DE MATERIA--TEMÁTICO | |
| Término temático o nombre geográfico como elemento de entrada | Literatura dominicana |
| 910 ## - VALIDACIÓN | |
| Validación | VMateo |
| 942 ## - ADDED ENTRY ELEMENTS (KOHA) | |
| Source of classification or shelving scheme | Dewey Decimal Classification |
| Koha item type | Libros |
| Withdrawn status | Lost status | Source of classification or shelving scheme | Damaged status | Not for loan | Collection code | Home library | Current library | Date acquired | Source of acquisition | Full call number | Barcode | Date last seen | Price effective from | Koha item type | Copy number |
|---|---|---|---|---|---|---|---|---|---|---|---|---|---|---|---|
| Dewey Decimal Classification | Colección Dominicana | Biblioteca Pública Metropolitana Salomé Ureña | Biblioteca Pública Metropolitana Salomé Ureña | 04/20/2021 | Alba Sánchez y Asoc. | BPMSU CD RD864.44 G934v 2016 | BPMSU21040028 | 04/20/2021 | 04/20/2021 | Libros | |||||
| Dewey Decimal Classification | Colección Dominicana | Biblioteca Pública Metropolitana Salomé Ureña | Biblioteca Pública Metropolitana Salomé Ureña | 04/20/2021 | Alba Sánchez y Asoc. | BPMSU CD RD864.44 G934v 2016 | BPMSU21040029 | 04/20/2021 | 04/20/2021 | Libros | e.2 | ||||
| Dewey Decimal Classification | Colección Dominicana | Biblioteca Pública Metropolitana Salomé Ureña | Biblioteca Pública Metropolitana Salomé Ureña | 04/20/2021 | Alba Sánchez y Asoc. | BPMSU CD RD864.44 G934v 2016 | BPMSU21040030 | 04/20/2021 | 04/20/2021 | Libros | e.3 |